<?xml version="1.0" encoding="UTF-8"?>
<record
    xmlns:xsi="http://www.w3.org/2001/XMLSchema-instance"
    xsi:schemaLocation="http://www.loc.gov/MARC21/slim http://www.loc.gov/standards/marcxml/schema/MARC21slim.xsd"
    xmlns="http://www.loc.gov/MARC21/slim">

  <leader>01715nam a22003017a 4500</leader>
  <controlfield tag="003">DO-SdBNP</controlfield>
  <controlfield tag="005">20220315102052.0</controlfield>
  <controlfield tag="007">ta</controlfield>
  <controlfield tag="008">210702e2010    dr ac||ery||| 001 u spa d</controlfield>
  <datafield tag="020" ind1=" " ind2=" ">
    <subfield code="a">9789945470000</subfield>
  </datafield>
  <datafield tag="040" ind1=" " ind2=" ">
    <subfield code="a">DO-SdBNPH</subfield>
    <subfield code="b">spa</subfield>
    <subfield code="c">BPMSU </subfield>
  </datafield>
  <datafield tag="082" ind1=" " ind2="4">
    <subfield code="a">324.6097293 </subfield>
    <subfield code="b">R426m, 2009-2010</subfield>
    <subfield code="2">22</subfield>
  </datafield>
  <datafield tag="110" ind1="2" ind2=" ">
    <subfield code="a"> Rep&#xFA;blica Dominicana. </subfield>
    <subfield code="b">Junta Central Electoral.</subfield>
  </datafield>
  <datafield tag="245" ind1="1" ind2="2">
    <subfield code="a">Memorias  de la Escuela Nacional de Formaci&#xF3;n Electoral y del Estado Civil (EFEC)  2009-2010 /</subfield>
    <subfield code="c">compilado por Lissette Pamela Santana ; pr&#xF3;logo, Aura Celeste Fern&#xE1;ndez Rodr&#xED;guez </subfield>
  </datafield>
  <datafield tag="246" ind1="1" ind2="3">
    <subfield code="a">Memorias 2009-2010</subfield>
  </datafield>
  <datafield tag="260" ind1=" " ind2=" ">
    <subfield code="a">Santo Domingo : </subfield>
    <subfield code="b">Junta Central Electoral, </subfield>
    <subfield code="c">2010</subfield>
  </datafield>
  <datafield tag="300" ind1=" " ind2=" ">
    <subfield code="a">448 p. : </subfield>
    <subfield code="b">il., fots.; </subfield>
    <subfield code="c">25 cm</subfield>
  </datafield>
  <datafield tag="505" ind1="0" ind2=" ">
    <subfield code="a">Pr&#xF3;logo.</subfield>
    <subfield code="g">Cap&#xED;tulo I:</subfield>
    <subfield code="t">La EFEC : instituci&#xF3;n, estrategias y pol&#xED;ticas de formaci&#xF3;n.--</subfield>
    <subfield code="g">Cap&#xED;tulo II:</subfield>
    <subfield code="t">Programas implementados.--</subfield>
    <subfield code="g">Cap&#xED;tulo III:</subfield>
    <subfield code="t">Convenios.--</subfield>
    <subfield code="g">Cap&#xED;tulo IV:</subfield>
    <subfield code="t">Biblioteca.--</subfield>
    <subfield code="g">Cap&#xED;tulo V:</subfield>
    <subfield code="t">Actividades acad&#xE9;micas de extensi&#xF3;n.--</subfield>
    <subfield code="g">Cap&#xED;tulo VI:</subfield>
    <subfield code="t">Publicaciones.--</subfield>
    <subfield code="g">Cap&#xED;tulo VII:</subfield>
    <subfield code="t">Reporte financiero.--</subfield>
    <subfield code="g">Cap&#xED;tulo VIII:</subfield>
    <subfield code="t">Logros, planes futuros y proyecciones.--</subfield>
    <subfield code="g">Cap&#xED;tulo IX:</subfield>
    <subfield code="t">Discursos.--</subfield>
    <subfield code="g">Cap&#xED;tulo X:</subfield>
    <subfield code="t">Normativa.--</subfield>
    <subfield code="g">Cap&#xED;tulo XI:</subfield>
    <subfield code="t">Agenda institucional.</subfield>
  </datafield>
  <datafield tag="590" ind1=" " ind2=" ">
    <subfield code="a">Inventariado 2022/VM</subfield>
  </datafield>
  <datafield tag="610" ind1="1" ind2="4">
    <subfield code="a">Escuela Nacional de Formaci&#xF3;n Electoral y del Estado Civil (Rep&#xFA;blica Dominicana)</subfield>
    <subfield code="v">2009-2010</subfield>
    <subfield code="v">Informe </subfield>
  </datafield>
  <datafield tag="651" ind1=" " ind2="4">
    <subfield code="a">Rep&#xFA;blica Dominicana</subfield>
    <subfield code="x">Pol&#xED;tica y gobierno</subfield>
    <subfield code="y">2009-2010</subfield>
  </datafield>
  <datafield tag="700" ind1="1" ind2=" ">
    <subfield code="a">Santana , Lissette Pamela ,</subfield>
    <subfield code="e">compiladora </subfield>
  </datafield>
  <datafield tag="700" ind1="1" ind2=" ">
    <subfield code="a">Fern&#xE1;ndez Rodr&#xED;guez, Aura Celeste,</subfield>
    <subfield code="d">1958-</subfield>
    <subfield code="e">pr&#xF3;logo </subfield>
  </datafield>
  <datafield tag="700" ind1=" " ind2="2">
    <subfield code="a">Paulino, Nurys</subfield>
    <subfield code="e">edici&#xF3;n </subfield>
  </datafield>
  <datafield tag="710" ind1="2" ind2=" ">
    <subfield code="a">Junta Central Electoral (Rep&#xFA;blica Dominicana)</subfield>
  </datafield>
  <datafield tag="910" ind1=" " ind2=" ">
    <subfield code="a"> VMateo V. </subfield>
  </datafield>
  <datafield tag="942" ind1=" " ind2=" ">
    <subfield code="2">ddc</subfield>
    <subfield code="c">BK</subfield>
  </datafield>
  <datafield tag="952" ind1=" " ind2=" ">
    <subfield code="0">0</subfield>
    <subfield code="1">0</subfield>
    <subfield code="2">ddc</subfield>
    <subfield code="4">0</subfield>
    <subfield code="7">0</subfield>
    <subfield code="8">CD</subfield>
    <subfield code="a">BPMET</subfield>
    <subfield code="b">BPMET</subfield>
    <subfield code="d">2022-03-15</subfield>
    <subfield code="l">0</subfield>
    <subfield code="o">BPMSU CD 324.6097293  R426m, 2009-2010</subfield>
    <subfield code="p">BPMSU22030039</subfield>
    <subfield code="r">2022-03-15</subfield>
    <subfield code="w">2022-03-15</subfield>
    <subfield code="y">BK</subfield>
  </datafield>
  <datafield tag="999" ind1=" " ind2=" ">
    <subfield code="c">14078</subfield>
    <subfield code="d">14078</subfield>
  </datafield>
</record>
